Name That Actress - Statistics

General Stats
  • This quiz has been taken 51 times
  • The average score is 6 of 15
Answer Stats
Hint Answer % Correct
The Proposal, 28 Days, Speed Sandra Bullock
93%
Doubt, The Iron Lady, It's Complicated Meryl Streep
68%
Ted, Friends with Benefits, Black Swan Mila Kunis
68%
Inside Man, Flightplan, Taxi Driver Jodie Foster
61%
Love and Other Drugs, Bride Wars, Get Smart Anne Hathaway
57%
I am Sam, Twilight, Charlotte's Web Dakota Fanning
45%
Calendar Girls, Red, The Queen Helen Mirren
43%
When in Rome, Hit & Run, Couples Retreat Kristin Bell
41%
King Kong, Diana, J. Edgar Naomi Watts
39%
Monster, Black Snake Moan, Sleepy Hollow Christina Ricci
36%
Grosse Pointe Blank, High Fidelity, The School of Rock Joan Cussack
27%
We Bought a Zoo, Don John, The Black Dahlia Scarlett Johansson
25%
Lady in the Water, The Village, Twilight: Eclipse Bryce Dallas Howard
23%
Alex Cross, The Help, Madea's Family Reunion Cicely Tyson
9%
Dr. Seuss' The Cat in the Hat, Jack Frost, Casino Jack Kelly Preston
5%
No matching quizzes found
Score Distribution
Percent of People with Each Score
Percentile by Number Answered
Your Score History
You have not taken this quiz